The Mean and Vulgar Bits / (Record no. 5351)

MARC details
000 -LEADER
fixed length control field 01128nam a22002897a 4500
001 - CONTROL NUMBER
control field 5351
003 - CONTROL NUMBER IDENTIFIER
control field FISKH
005 - DATE AND TIME OF LATEST TRANSACTION
control field 20241127143636.0
008 - FIXED-LENGTH DATA ELEMENTS--GENERAL INFORMATION
fixed length control field 241127b cb ||||| |||| 00| 0 eng d
020 ## - INTERNATIONAL STANDARD BOOK NUMBER
International Standard Book Number 9781407107097
040 ## - CATALOGING SOURCE
Original cataloging agency FISKH
Language of cataloging eng
Transcribing agency FISKH
Modifying agency FISKH
082 ## - DEWEY DECIMAL CLASSIFICATION NUMBER
Classification number 510
100 ## - MAIN ENTRY--PERSONAL NAME
Personal name Poskitt, Kjartan
245 ## - TITLE STATEMENT
Title The Mean and Vulgar Bits /
Statement of responsibility, etc. by Kjartan Poskitt
260 ## - PUBLICATION, DISTRIBUTION, ETC.
Place of publication, distribution, etc. New York :
Name of publisher, distributor, etc. Scholastic ;
Date of publication, distribution, etc. 2000 .
300 ## - PHYSICAL DESCRIPTION
Extent 160 pages :
Other physical details illustrations ;
Dimensions 21 cm .
490 ## - SERIES STATEMENT
Series statement Murderous Maths
505 ## - FORMATTED CONTENTS NOTE
Formatted contents note S <br/>
520 ## - SUMMARY, ETC.
Summary, etc. Using a host of funny characters, this title presents the tricks, tips and shortcuts to statistics they don't teach at school. It helps readers find out how fractions can save them from the toxic mutant fish of Fastbuck, what makes Pongo McWhiffy a mathematical freak, and travel to Planet Mean to discover how averages can be absolutely revolting.
521 8# - TARGET AUDIENCE NOTE
Target audience note 790 <br/><br/>
Source Lexile estimate <br/>
521 8# - TARGET AUDIENCE NOTE
Target audience note S <br/>
Source Raz-Plus <br/>
650 ## - SUBJECT ADDED ENTRY--TOPICAL TERM
Topical term or geographic name entry element fractions
Form subdivision Non-fiction
650 ## - SUBJECT ADDED ENTRY--TOPICAL TERM
Topical term or geographic name entry element math
Form subdivision Non-fiction
700 ## - ADDED ENTRY--PERSONAL NAME
Personal name Reeve, Philip
Relator term illustrator
942 ## - ADDED ENTRY ELEMENTS (KOHA)
Source of classification or shelving scheme Dewey Decimal Classification
Koha item type Books
Suppress in OPAC No
Holdings
Withdrawn status Lost status Source of classification or shelving scheme Damaged status Not for loan Collection Home library Current library Shelving location Date acquired Total Checkouts Full call number Barcode Date last seen Price effective from Koha item type
    Dewey Decimal Classification     Non-Fiction Footprints International School Library Network Toul Kork Campus Footprints International School Library Network Toul Kork Campus TTP Secondary Non-Fiction Bookshelves 11/27/2024   POS 510 FISSE02021 11/27/2024 11/27/2024 Books